Conrad Veidt Filmography - Statistics

General Stats
  • This quiz has been taken 5 times
  • The average score is 5 of 121
Answer Stats
Type Year Name % Correct
Film 1942 Casablanca
67%
Film 1920 The Cabinet of Dr. Caligari
67%
Film 1940 Blackout
33%
Film 1937 Dark Journey
33%
Film 1919 Different from the Others
33%
Film 1919 Eerie Tales
33%
Film 1932 Rasputin, Demon with Women
33%
Film 1924 The Hands of Orlac
33%
Film 1929 The Last Performance
33%
Film 1928 The Man Who Laughs
33%
Film 1935 The Passing of the Third Floor Back
33%
Film 1939 The Spy in Black
33%
Film 1926 The Student of Prague
33%
Film 1943 Above Suspicion
0%
Film 1942 All Through the Night
0%
Film 1927 A Man's Past
0%
Film 1919 Around the World in 80 Days
0%
Film 1941 A Woman's Face
0%
Film 1934 Bella Donna
0%
Film 1929 Bride 68
0%
Film 1923 Bride of Vengeance
0%
Film 1924 Carlos und Elisabeth
0%
Film 1938 Chess Player
0%
Film 1921 Christian Wahnschaffe, 2. Teil - Die Flucht aus dem goldenen Kerker
0%
Film 1918 Colomba
0%
Film 1931 Congress Dances
0%
Documentary 2020 Conrad Veidt - My Life
0%
Short Film 1918 Das Dreimäderlhaus
0%
Film 1918 Das Rätsel von Bangalor
0%
Film 1918 Das Tagebuch einer Verlorenen
0%
Film 1920 Der Graf von Cagliostro
0%
Film 1921 Der Leidensweg der Inge Krafft
0%
Film 1931 Der Mann, der den Mord beging
0%
Film 1918 Der nicht vom Weibe Geborene
0%
Film 1932 Der schwarze Husar
0%
Film 1918 Der Spion
0%
Film 1917 Der Weg des Todes
0%
Film 1921 Des Geheimnis von Bombay
0%
Film 1920 Desire
0%
Film 1931 Die andere Seite
0%
Film 1926 Die Flucht in die Nacht
0%
Film 1930 Die große Sehnsucht
0%
Film 1919 Die Japanerin
0%
Film 1921 Die Liebschaften des Hektor Dalmore
0%
Film 1919 Die Mexikanerin
0%
Film 1920 Die Nacht auf Goldenhall
0%
Film 1931 Die Nacht der Entscheidung
0%
Film 1919 Die Okarina
0%
Film 1917 Die Seeschlacht
0%
Film 1918 Die Serenyi
0%
Film 1920 Die Sippschaft
0%
Film 1926 Dürfen wir schweigen?
0%
Film 1940 Escape
0%
Film 1918 Es werde Licht! 4. Teil: Sündige Mütter
0%
Film 1920 Evening - Night - Morning
0%
Film 1932 F. P. 1 Doesn't Answer
0%
Film 1917 Furcht
0%
Film 1927 Gesetze der Liebe
0%
Film 1923 Glanz gegen Glück
0%
Film 1918 Henriette Jacoby
0%
Film 1924 Husbands or Lovers
0%
Film 1925 Ingmarsarvet
0%
Film 1933 I Was a Spy
0%
Film 1918 Jettchen Gebert's Story
0%
Film 1921 Journey into the Night
0%
Film 1935 King of the Damned
0%
Film 1926 Kreuzzug des Weibes
0%
Film 1920 Kurfürstendamm
0%
Film 1921 Lady Hamilton
0%
Film 1921 Landstraße und Großstadt
0%
Film 1925 Le comte Kostia
0%
Film 1921 Liebestaumel
0%
Film 1926 Love Is Blind
0%
Film 1922 Lucrezia Borgia
0%
Film 1920 Manolescus Memoiren
0%
Film 1921 Menschen im Rausch
0%
Film 1920 Moriturus
0%
Film 1921 Mysteries of India, Part II: Above All Law
0%
Film 1921 Mysteries of India, Part I: Truth
0%
Film 1920 Nachtgestalten
0%
Film 1942 Nazi Agent
0%
Film 1919 Nocturno der Liebe
0%
Film 1919 Opfer der Gesellschaft
0%
Film 1919 Opium
0%
Film 1923 Paganini
0%
Film 1920 Patience
0%
Film 1919 Peer Gynt
0%
Film 1919 Peer Gynt - 2. Teil: Peer Gynts Wanderjahre und Tod
0%
Film 1934 Power
0%
Film 1919 Prinz Kuckuck - Die Höllenfahrt eines Wollüstlings
0%
Film 1919 Prostitution
0%
Film 1919 Prostitution II
0%
Film 1932 Rome Express
0%
Film 1919 Satanas
0%
Film 1925 Schicksal
0%
Film 1920 Temperamental Artist
0%
Film 1938 Tempête sur l'Asie
0%
Film 1927 The Beloved Rogue
0%
Film 1932 The Congress Dances
0%
Film 1920 The Eyes of the World
0%
Film 1920 The Head of Janus
0%
Film 1930 The Last Company
0%
Film 1934 The Legend of William Tell
0%
Film 1921 The Loves of the Mighty
0%
Film 1930 The Love Storm
0%
Film 1941 The Men in Her Life
0%
Film 1920 The Merry-Go-Round
0%
Film 1933 The Only Girl
0%
Film 1918 The Story of Dida Ibsen
0%
Film 1940 The Thief of Bagdad
0%
Film 1926 The Violinist of Florence
0%
Film 1933 The Wandering Jew
0%
Film 1934 They'll Never Surrender
0%
Film 1926 Two Brothers
0%
Film 1937 Under the Red Robe
0%
Film 1919 Wahnsinn
0%
Film 1924 Waxworks
0%
Film 1920 Weltbrand
0%
Film 1917 Wenn Tote sprechen
0%
Film 1941 Whistling in the Dark
0%
Film 1923 Wilhelm Tell
0%
No matching quizzes found
Score Distribution
Percent of People with Each Score
Percentile by Number Answered
Your Score History
You have not taken this quiz